[Event "St Veit op 42nd"]
[Site "St Veit"]
[Date "2023.07.08"]
[Round "1"]
[White "Lauda, Alexandr"]
[Black "Wolfmajer, Wolfgang"]
[Result "1-0"]
[WhiteElo "2108"]
[BlackElo "1848"]
[PlyCount "61"]
[EventDate "2023.07.08"]
[EventType "swiss"]
[EventRounds "9"]
[EventCountry "AUT"]
[SourceTitle "CBM 215 Extra"]
[Source "ChessBase"]
[SourceDate "2023.09.30"]
[SourceVersion "1"]
[SourceVersionDate "2023.09.30"]
[SourceQuality "1"]

1. e4 c6 2. d4 d5 3. exd5 cxd5 4. c4 Nf6 5. Nc3 e6 6. Nf3 Bb4 7. cxd5 Nxd5 8. Qc2 0-0 9. Bd3 f5 10. 0-0 Nc6 11. a3 Be7 12. b4 Bf6 13. Ne2 Bd7 14. Bb2 Rc8 15. Qb3 Be8 16. Rac1 Bf7 17. Rc5 Be7 18. Rc2 g5 19. Rfc1 Qb6 20. Bc4 Rcd8 21. Nxg5 Bxg5 22. Qg3 Kh8 23. Qxg5 Rg8 24. Qd2 Rg7 25. Bxd5 exd5 26. Nf4 Rdg8 27. g3 h5 28. Rc5 Ne7 29. Rc7 Nc6 30. Nxd5 Bxd5 31. Qh6+ 1-0

[Event "AUT-ch Seniors 65"]
[Site "Vienna"]
[Date "2023.05.19"]
[Round "5"]
[White "Wolfmajer, Wolfgang"]
[Black "Zierlinger, Karl"]
[Result "1-0"]
[WhiteElo "1843"]
[BlackElo "1371"]
[PlyCount "53"]
[EventDate "2023.05.15"]
[EventType "swiss"]
[EventRounds "7"]
[EventCountry "AUT"]
[SourceTitle "CBM 214 Extra"]
[Source "ChessBase"]
[SourceDate "2023.07.31"]
[SourceVersion "1"]
[SourceVersionDate "2023.07.31"]
[SourceQuality "1"]

1. e4 c5 2. b3 Nc6 3. Bb2 e5 4. Bb5 Nd4 5. Bc4 Nf6 6. c3 Nc6 7. d3 d6 8. Ne2 Be7 9. 0-0 Rb8 10. a4 0-0 11. Qc2 Be6 12. Na3 a6 13. d4 d5 14. exd5 Bxd5 15. dxe5 Nxe5 16. Rad1 b5 17. axb5 axb5 18. Bxd5 Nxd5 19. Qe4 Qc7 20. Rxd5 Bd6 21. Ng3 b4 22. cxb4 Rxb4 23. Qc2 Qb6 24. Bxe5 Bxe5 25. Nc4 Qb7 26. Rxe5 Rxb3 27. Rxc5 1-0

[Event "AUT-ch Seniors 65"]
[Site "Vienna"]
[Date "2023.05.17"]
[Round "3"]
[White "Wolfmajer, Wolfgang"]
[Black "Prammer, Franz"]
[Result "1/2-1/2"]
[WhiteElo "1843"]
[BlackElo "1760"]
[PlyCount "76"]
[EventDate "2023.05.15"]
[EventType "swiss"]
[EventRounds "7"]
[EventCountry "AUT"]
[SourceTitle "CBM 214 Extra"]
[Source "ChessBase"]
[SourceDate "2023.07.31"]
[SourceVersion "1"]
[SourceVersionDate "2023.07.31"]
[SourceQuality "1"]

1. e4 d6 2. d4 Nf6 3. Nc3 e5 4. Nf3 Nbd7 5. Bc4 Be7 6. 0-0 c6 7. a4 b6 8. Re1 Bb7 9. Ba2 a6 10. Bg5 Qc7 11. Qd2 b5 12. b4 0-0 13. Nh4 exd4 14. Nf5 Ne5 15. Nxd4 Rac8 16. Nf5 c5 17. bxc5 dxc5 18. axb5 c4 19. Rab1 Rfe8 20. Qf4 Kh8 21. bxa6 Bxa6 22. Bxf6 Bxf6 23. Nd5 Qc5 24. Rb6 Ng6 25. Qc1 Qa5 26. Rxf6 gxf6 27. Nxf6 Re6 28. Qa1 Qe5 29. Qxe5 Nxe5 30. Nd5 Bb7 31. Nd4 Bxd5 32. exd5 Ree8 33. Rd1 Ra8 34. f4 Rxa2 35. fxe5 Rxe5 36. Nc6 Re2 37. d6 Raxc2 38. d7 Rxg2+ 1/2-1/2

[Event "AUT-ch Seniors 65"]
[Site "Vienna"]
[Date "2023.05.16"]
[Round "2"]
[White "Pernerstorfer, Johannes"]
[Black "Wolfmajer, Wolfgang"]
[Result "1-0"]
[WhiteElo "1992"]
[BlackElo "1843"]
[PlyCount "137"]
[EventDate "2023.05.15"]
[EventType "swiss"]
[EventRounds "7"]
[EventCountry "AUT"]
[SourceTitle "CBM 214 Extra"]
[Source "ChessBase"]
[SourceDate "2023.07.31"]
[SourceVersion "1"]
[SourceVersionDate "2023.07.31"]
[SourceQuality "1"]

1. e4 c6 2. d4 d5 3. Nc3 e6 4. Nf3 Bb4 5. Bd3 b6 6. 0-0 Ba6 7. exd5 cxd5 8. Nb5 Bd6 9. c3 Bxb5 10. Bxb5+ Nd7 11. Re1 Ne7 12. Bg5 0-0 13. Bh4 Qc7 14. Qa4 Nf6 15. Bd3 Ng6 16. Bg3 Bxg3 17. fxg3 Rfe8 18. Re2 Ng4 19. Rae1 a6 20. h3 Nf6 21. Ne5 Ne7 22. g4 Ng6 23. Nxg6 hxg6 24. Qc2 b5 25. Re3 Re7 26. Qe2 Rae8 27. g5 Nd7 28. Qf3 Qd6 29. h4 e5 30. Qg3 Qb6 31. Kh2 e4 32. Be2 Qb8 33. a4 f5 34. gxf6 gxf6 35. axb5 axb5 36. Ra1 Nf8 37. Ra5 Rb7 38. Bd1 f5 39. Qxb8 Rexb8 40. Bb3 Rd8 41. g3 Kg7 42. Re1 Ne6 43. Ra6 Nc7 44. Ra5 Rd6 45. Rea1 Kf6 46. Kg2 Kg7 47. Kf2 Kf6 48. Ke3 g5 49. Rf1 Ne6 50. hxg5+ Kxg5 51. Ra8 b4 52. c4 dxc4 53. Bxc4 Nxd4 54. Rg8+ Kf6 55. g4 Rg7 56. Rxg7 Kxg7 57. gxf5 Nc2+ 58. Kf4 Rd4 59. Bb3 e3+ 60. Ke5 Rd2 61. f6+ Kf8 62. Rg1 Ke8 63. f7+ Ke7 64. Rg8 Rf2 65. Re8+ Kd7 66. Be6+ Kc7 67. Rc8+ Kb7 68. Rxc2 b3 69. Rxf2 1-0

[Event "St Veit op 41st"]
[Site "St Veit"]
[Date "2022.07.12"]
[Round "5"]
[White "Leitner, Gerald"]
[Black "Wolfmajer, Wolfgang"]
[Result "1-0"]
[WhiteElo "2145"]
[BlackElo "1861"]
[PlyCount "93"]
[EventDate "2022.07.09"]
[EventType "swiss"]
[EventRounds "9"]
[EventCountry "AUT"]
[SourceTitle "CBM 209 Extra"]
[Source "ChessBase"]
[SourceDate "2022.09.30"]
[SourceVersion "1"]
[SourceVersionDate "2022.09.30"]
[SourceQuality "1"]

1. e4 c5 2. Nf3 Nc6 3. Nc3 Nf6 4. d4 cxd4 5. Nxd4 e5 6. Ndb5 d6 7. Bg5 a6 8. Bxf6 gxf6 9. Na3 b5 10. Nd5 f5 11. Bd3 Be6 12. 0-0 f4 13. c4 b4 14. Nc2 Rb8 15. b3 Bg7 16. Kh1 0-0 17. g3 f5 18. Qh5 Qd7 19. Rae1 Bxd5 20. exd5 Ne7 21. gxf4 e4 22. Be2 Ng6 23. Qg5 Bf6 24. Qg3 Kh8 25. Rg1 Rg8 26. Qe3 Rb7 27. Bh5 Rg7 28. Rg3 Rb8 29. Reg1 Qf7 30. Rh3 a5 31. Bxg6 Rxg6 32. Rxg6 Qxg6 33. Nd4 Qg4 34. Ne6 Bc3 35. Rg3 Qd1+ 36. Kg2 Rb7 37. h3 a4 38. Rg5 Qd3 39. Rxf5 h6 40. Rf8+ Kh7 41. f5 axb3 42. axb3 Bd2 43. Qg3 Qxg3+ 44. Kxg3 Ra7 45. Rd8 Ra3 46. Rd7+ Kh8 47. f6 1-0

[Event "Steyr Landesliga 2122"]
[Site "Austria"]
[Date "2022.01.15"]
[Round "3.7"]
[White "Zeiler, Georg"]
[Black "Wolfmajer, Wolfgang"]
[Result "1-0"]
[WhiteElo "1759"]
[BlackElo "1849"]
[PlyCount "85"]
[EventDate "2021.10.16"]
[EventType "team-tourn"]
[EventRounds "11"]
[EventCountry "AUT"]
[SourceTitle "EXT 2023"]
[Source "ChessBase"]
[SourceDate "2022.10.05"]
[SourceVersion "1"]
[SourceVersionDate "2022.10.05"]
[SourceQuality "1"]
[WhiteTeam "Trofaiach Niklasdorf"]
[BlackTeam "Voitsberg"]
[WhiteTeamCountry "AUT"]
[BlackTeamCountry "AUT"]

1. d4 Nf6 2. Nf3 d5 3. g3 g6 4. Bg2 Bg7 5. 0-0 0-0 6. Nbd2 Nbd7 7. c4 c6 8. cxd5 cxd5 9. Nb3 b6 10. Bf4 Bb7 11. Rc1 Ne4 12. Qd3 Re8 13. Bc7 Qc8 14. Bxb6 Bc6 15. Bc5 Qb8 16. Ba3 Bb5 17. Qd1 Bh6 18. Nbd2 Qb6 19. Re1 Qa6 20. e3 Ba4 21. Qe2 Bb5 22. Qd1 Ba4 23. Bf1 Qa5 24. Qe2 e5 25. Nxe4 dxe4 26. Nxe5 Nxe5 27. dxe5 Rxe5 28. Qa6 Rd8 29. Qxa5 Rxa5 30. Rc7 Bf8 31. Bxf8 Kxf8 32. b4 Rad5 33. Rxa7 Rd1 34. Rxd1 Bxd1 35. b5 Bf3 36. b6 Rd1 37. b7 Be2 38. b8Q+ Kg7 39. Qe5+ Kh6 40. Qf4+ g5 41. Qf6+ Kh5 42. Qxf7+ Kg4 43. Qe6+ 1-0

[Event "Steyr Landesliga 1314"]
[Site "Austria"]
[Date "2014.02.08"]
[Round "7.7"]
[White "Horvath, Reka"]
[Black "Wolfmajer, Wolfgang"]
[Result "1-0"]
[WhiteElo "2062"]
[BlackElo "1974"]
[PlyCount "73"]
[EventDate "2013.09.28"]
[EventType "team-tourn"]
[EventRounds "11"]
[EventCountry "AUT"]
[SourceTitle "EXT 2015"]
[Source "ChessBase"]
[SourceDate "2014.11.20"]
[SourceVersion "1"]
[SourceVersionDate "2014.11.20"]
[SourceQuality "1"]
[WhiteTeam "Feldbach Kirchberg"]
[BlackTeam "Kapfenberg/Norske/Bruck"]
[WhiteTeamCountry "AUT"]
[BlackTeamCountry "AUT"]

1. e4 Nc6 2. Nf3 d5 3. exd5 Qxd5 4. Nc3 Qa5 5. Be2 Bg4 6. 0-0 0-0-0 7. Nd4 Bxe2 8. Ndxe2 e5 9. d3 f5 10. Bd2 Qc5 11. a4 Nf6 12. Nb5 a6 13. b4 Nxb4 14. Bxb4 Qxb4 15. Na7+ Kd7 16. Rb1 Qc5 17. Rxb7 Qd5 18. Qb1 Bc5 19. c4 Qe6 20. d4 Bxa7 21. d5 Qd6 22. Qxf5+ Ke7 23. Rxa7 Rhe8 24. Rb1 Kf8 25. Ng3 g6 26. Qg5 Rd7 27. Rbb7 Rf7 28. Qd2 Nh5 29. Ne4 Qa3 30. Qb4+ Qxb4 31. Rxb4 Nf4 32. Rxa6 Rd8 33. Rb7 Nd3 34. Raa7 Rf4 35. f3 Nc5 36. Nxc5 Rxc4 37. Ne6+ 1-0

[Event "Steyr Landesliga 1314"]
[Site "Austria"]
[Date "2013.09.28"]
[Round "1.6"]
[White "Wolfmajer, Wolfgang"]
[Black "Buchegger, Josef"]
[Result "0-1"]
[WhiteElo "1974"]
[BlackElo "2052"]
[PlyCount "70"]
[EventDate "2013.09.28"]
[EventType "team-tourn"]
[EventRounds "11"]
[EventCountry "AUT"]
[SourceTitle "EXT 2015"]
[Source "ChessBase"]
[SourceDate "2014.11.20"]
[SourceVersion "1"]
[SourceVersionDate "2014.11.20"]
[SourceQuality "1"]
[WhiteTeam "Kapfenberg/Norske/Bruck"]
[BlackTeam "Hartberg"]
[WhiteTeamCountry "AUT"]
[BlackTeamCountry "AUT"]

1. e4 d6 2. d4 Nf6 3. Nc3 g6 4. Bg5 Bg7 5. Bc4 h6 6. Bh4 0-0 7. Nge2 c6 8. a4 Nxe4 9. Bxf7+ Rxf7 10. Nxe4 Nd7 11. 0-0 Qb6 12. Qd2 d5 13. a5 Qa6 14. N4c3 e5 15. f3 Kh7 16. Bf2 Qc4 17. Ra4 Qa6 18. b4 Nf8 19. Rb1 Bf5 20. dxe5 Bxe5 21. Nd4 Bxd4 22. Bxd4 Ne6 23. Be5 d4 24. Bxd4 Nxd4 25. Qxd4 Bxc2 26. Raa1 Bxb1 27. Rxb1 Raf8 28. Re1 b6 29. Re6 bxa5 30. Qg4 Rg7 31. Ne4 axb4 32. Qh4 h5 33. Nf6+ Kh8 34. Nxh5 gxh5 35. Qxh5+ Kg8 0-1

[Event "Semriach op 10th"]
[Site "Semriach"]
[Date "2011.04.29"]
[Round "3"]
[White "Legenstein, Robert"]
[Black "Wolfmajer, Wolfgang"]
[Result "1/2-1/2"]
[WhiteElo "2077"]
[BlackElo "1991"]
[PlyCount "34"]
[EventDate "2011.04.27"]
[EventType "swiss"]
[EventRounds "5"]
[EventCountry "AUT"]
[SourceTitle "CBM 142 Extra"]
[Source "ChessBase"]
[SourceDate "2011.06.27"]
[SourceVersion "1"]
[SourceVersionDate "2011.06.27"]
[SourceQuality "1"]

1. e4 c6 2. d4 d5 3. Nc3 dxe4 4. Nxe4 Bf5 5. Ng3 Bg6 6. h4 h6 7. Nf3 e6 8. Ne5 Bh7 9. Bd3 Bxd3 10. Qxd3 Nd7 11. f4 Bb4+ 12. c3 Be7 13. h5 Ngf6 14. Bd2 Qa5 15. Ne4 Nxe4 16. Qxe4 Nxe5 17. fxe5 Qd5 1/2-1/2